000 00973nam a2200325Ic 4500
001 58307
003 CO-BoRNBP
005 20250821164733.0
007 ta
008 180109s2002 sp g 000 0 spa
020 _a9788474322545
040 _aCO-BoRNBP
_bspa
_erda
_cCO-BoRNBP
041 _aspa
082 0 4 _a111
_bV17i
100 _aVattimo, Gianni,
_d1936-
_eaut
_962872
245 1 0 _aIntroducción a Heidegger /
_cGianni Vattimo ; traducción Alfredo Báez.
250 _aPrimera edición
264 1 _aBarcelona, España :
_bGedisa,
_c2002
300 _a190 páginas
336 _atexto
_btxt
_2rdacontent
337 _asin mediación
_bn
_2rdamedia
338 _avolumen
_bnc
_2rdacarrier
490 0 _aCla.De.Ma. - Filosofía
650 0 7 _aFilosofía del lenguaje
_2lemb
_962873
650 0 7 _aMetafísica
_2lemb
_98479
650 0 7 _aOntología
_2lemb
_912831
650 0 7 _aFilosofía
_2LEMB
_962874
700 _aBáez, Alfredo
_etrl
_962875
942 _2ddc
_cBK
999 _c58307
_d58307